000 00393pab a2200157 454500
008 180718b2009 xxu||||| |||| 00| 0 eng d
100 _aSingh, Bhartendu Kumar
245 _aBeyond the ADB: China, India and the global rivalry
260 _c2009
300 _ap.329-35.
362 _aJul-Sep
650 _aInternational relations
773 _aUSI Journal
908 _aN
909 _a84867
999 _c84867
_d84867